1720 1905 1674 1445 1616 1426 1778 1961 1235 1655 1403 1106 1973 1239 1786 1238 1828 1246 1580 1903 1761 1404 1552 1043 1700 1072 1816 1786 1467 1232 1236 1759 1612 1564 1695 1388 1794 1994 1156 1132 1737 1959 1385 1340 1769 1104 1042 1068 1867 1847 1098 1016 1027 1238 1048 1040 1577 1337 1744 1813 1250 1517 1780 1948 1217 1208 1030 1209 1236 1241 1819 1069 1281 1357 1085 1536 1088 1629 1638 1514 1371 1171 1948 1458 1828 1468 1982 1042 1945 1286 1571 1366 1876 1527 1570 1368 1764 1342 1920 BCNSPRNW ULIB Ver.6.0+V

เปลี่ยนเป็นภาษาไทย

Change to English
 แสดงรายละเอียดบรรณานุกรม
  กลับหน้าหลัก

Brief Record : Get Marc (ISO 2709) : E-mail record : QR code < ปิดหน้าต่าง
LEADER : 00000nam 2200000uu 4500
001    13399120846
003     ULIB
008    020711s2546 th a 000 0 tha d
020    9789749144459
050    BF^bป458จ
100    ปริญญา ตันสกุล
245    จิตวิญญาณวิทยา/^cปริญญา ตันสกุล
250    พิมพ์ครั้งที่ 1
260    กรุงเทพฯ :^bจิตจักรวาน,^c2546
945    ^p0^l0^i12650
999    ^aทศพร เกษรทอง
รายการนี้ยังไม่มีแท็ก
คุณยังไม่ได้ล็อกอิน คุณสามารถมีกิจกรรมร่วมกับเว็บไซต์ได้ แต่ต้องล็อกอินก่อน ::
  ล็อกอิน

รายการสื่อสารสนเทศ

ลำดับที่ ประเภท เลขเรียก/บาร์โค้ด สถานที่ สถานะ
1. วิทยาศาสตร์การแพทย์ และสุขภาพ
วิทยาศาสตร์การแพทย์ และสุขภาพ
BF ป458จ  
  Barcode: 12650
ห้องสมุดวิทยาเขตสวรรค์ประชารักษ์
►หนังสือทั่วไป
บนชั้น

BibComment


ยังไม่เคยถูกคอมเมนท์

คอมเมนท์ทรัพยากรรายการนี้
  คอมเมนท์: จิตวิญญาณวิทยา ปร..


 Copyright 2026. Bcnsprnw @Library